000 00806nam a2200253 i 4500
001 000046819
003 DO-SdBNP
005 20241021154548.0
007 ta
008 180402s2015 dr 000 spa d
020 _a9789945496523
040 _aDO-SdBNP
_bspa
_cBNPHU
_erda
082 4 _axxx
_bH557d
_222
100 1 _aHernández, Pablo María,
_eautor
_4aut.
_943451
245 1 0 _aDiccionario filosófico general /
_cPablo María Hernández.
264 4 _aSanto Domingo :
_bEditora Universitaria - UASD,
_c2015.
300 _a709 páginas ;
_c22 cm.
336 _atexto
_btxt
_2rdacontent
337 _asin mediación
_bn
_2rdamedia
338 _avolumen
_bnc
_2rdacarrier
500 _aIncluye datos biográficos del autor en la contracubierta
590 _aInventariado,2018 /DG
942 _2ddc
_cLBS1
999 _c46308
_d46308